000 00303nam a2200109 4500
008 180215b xxu||||| |||| 00| 0 eng d
245 _aRubber farmers seek P39-million PRDP aid.
260 _aPhilippines:
_bSun Star Davao,
_cc2016.
300 _apage 7.
650 0 _926504
_aAgriculture.
942 _2ddc
_cPER
999 _c8650
_d8650